Manual en color de dermatología / (Registro nro. 22525)

Detalles MARC
000 -LEADER
fixed length control field 01181nam a2200301 4500
001 - CONTROL NUMBER
control field 0000019936
003 - CONTROL NUMBER IDENTIFIER
control field CO-CtgCURN
005 - DATE AND TIME OF LATEST TRANSACTION
control field 20250331185207.0
007 - PHYSICAL DESCRIPTION FIXED FIELD--GENERAL INFORMATION
fixed length control field ta
008 - FIXED-LENGTH DATA ELEMENTS--GENERAL INFORMATION
fixed length control field 160627s2001 000 0 eng d
020 ## - INTERNATIONAL STANDARD BOOK NUMBER
International Standard Book Number 8445809946
040 ## - CATALOGING SOURCE
Original cataloging agency CO-CtgCURN
Language of cataloging spa
Transcribing agency coctgcurn
082 0# - DEWEY DECIMAL CLASSIFICATION NUMBER
Classification number 616.5
Item number R927m
100 1# - MAIN ENTRY--PERSONAL NAME
Personal name Rycroft, Richard J.
245 10 - TITLE STATEMENT
Title Manual en color de dermatología /
Statement of responsibility, etc. Richard J. Rycroft , Stuart Robertson.
260 ## - PUBLICATION, DISTRIBUTION, ETC.
Place of publication, distribution, etc. Madrid :
Name of publisher, distributor, etc. Masson,
Date of publication, distribution, etc. 2001.
300 ## - PHYSICAL DESCRIPTION
Extent 220 p.
336 ## - CONTENT TYPE
Source rdacontent
337 ## - MEDIA TYPE
Source rdamedia
Media type term sin mediacion
Media type code n
338 ## - CARRIER TYPE
Source rdacarrier
Carrier type term volumen
Carrier type code nc
500 ## - GENERAL NOTE
General note Incluye indice Alfabetico de Materias.
505 8# - FORMATTED CONTENTS NOTE
Formatted contents note Eccemas.--Dermatitis de contacto.--Dermatitis ocupacionales no eccematosas.--Urticaria de contacto.--Dermatitis perioral.--Acne vulgar.--Dermatosis genitales y perianales.--Tumores benignos de origen epidermico.--Dermatosis genitales y perionales
650 14 - SUBJECT ADDED ENTRY--TOPICAL TERM
Topical term or geographic name entry element Medicina
Form subdivision Examenes, preguntas / Dermatología
General subdivision Examenes, preguntas.
700 1# - ADDED ENTRY--PERSONAL NAME
Personal name Robertson, Stuar J.
908 ## - PUT COMMAND PARAMETER (RLIN)
Put command parameter 160627
942 ## - ADDED ENTRY ELEMENTS (KOHA)
Koha item type Libros
Classification part 616.5
Item part R927m
Source of classification or shelving scheme Dewey Decimal Classification
Existencias
Withdrawn status Lost status Source of classification or shelving scheme Damaged status Not for loan Collection Home library Current library Shelving location Date acquired Inventory number Total checkouts Full call number Barcode Date last seen Price effective from Koha item type Public note
    Dewey Decimal Classification     General Miguel Henríquez Emiliani Miguel Henríquez Emiliani General 03/31/2025 009159   616.5 R927m 009159 03/31/2025 03/31/2025 Libros 610-CIENME